| 000 | 00396nam a22001337a 4500 | ||
|---|---|---|---|
| 082 |
_a347.73 _bHUD |
||
| 100 | _aHudson, Jessica | ||
| 245 |
_aHayton, McFarlane, and Mitchell on Equity and Trusts _cJessica Hudson, Ben McFarlane and Charles Mitchell . |
||
| 260 |
_aLondon: _bThomson Reuters Logo, _c2022. |
||
| 300 | _a943p. ; | ||
| 563 | _aPB | ||
| 650 |
_aLaw _935302 |
||
| 942 |
_2ddc _cBK |
||
| 999 |
_c613179 _d613179 |
||